LEADER 01090nam a2200241 i 4500 001 000000243778 003 CaOOAMICUS 005 20150721000000.0 008 150721s1934 it u000 u ita u 013 $a222683 040 $aSeMil$bita 245 13$aLa carità :$b1933, Roma /$cAzione Cattolica Italiana : Ufficio Centrale. 260 $aMilano :$bVita e Pensiero,$c1934. 300 $aVIII, 325 p. ;$c26 cm. 490 0 $aSettimane sociali dei cattolici italiani ;$v17. Sessione 650 4$aCarità.$0(OLS)http://semarc/subject/3104 700 1 $aAzione Cattolica Italiana : Ufficio Centrale.$0(OLS)http://semarc/name/82272 700 1 $aSettimane sociali d'Italia <17. ; 1933 ; Roma>.$0(OLS)http://semarc/name/82273 830 0$aSettimane sociali dei cattolici italiani ;$v17. Sessione.$0(OLS)http://semarc/title/43673 850 $aSeMil 852 $aSeMil$W1$xVenegono$y1$m3N V 81$j193892$B194124$CSeMilBibl$Z2$F204732 $81 996 $6245$aLa carità :$b1933, Roma$9(OLS)http://semarc/title/345719 996 $6260$aMilano :$bVita e Pensiero$9(OLS)http://semarc/publisher/29642 LEADER 01055nam a2200253 i 4500 001 000000041893 003 CaOOAMICUS 005 19950418000000.0 008 950418s1946 xx u000 u fre u 013 $a13063 040 $aSeMil$bita 100 1 $aPiganiol, André <1883-1968>.$0(OLS)http://semarc/name/90413 245 10$aHistoire de Rome /$cpar André Piganiol. 260 $aParis :$bPresses Universitaires de France,$c1946. 300 $aLI, 586 p. ;$c20 cm. 490 0 $aCLIO : introduction aux études historiques ;$v3 500 $aDono di mons. Antonio Rimoldi. 650 4$aRoma antica - Storia.$0(OLS)http://semarc/subject/503 830 0$aCLIO : introduction aux études historiques ;$v3.$0(OLS)http://semarc/title/15975 850 $aSeMil 852 $aSeMil$W1$xVenegono$y1$m3S III 233$j8048$B8048$CSeMilBibl$Z2$F8048 $81 961 $aOmaggio: Rimoldi mons. Antonio 996 $6245$aHistoire de Rome$9(OLS)http://semarc/title/60884 996 $6260$aParis :$bPresses Universitaires de France$9(OLS)http://semarc/publisher/30047